| 000 | 00394cam a2200169ua 4500 | ||
|---|---|---|---|
| 020 | _c2.50 | ||
| 041 |
_ahin _h |
||
| 082 |
_a891.54 _bMOH/AA |
||
| 100 | _aMohan, Rakesh . | ||
| 245 |
_aAashad ka ek din / _cMohan Rakesh. _hTextual Documents |
||
| 260 |
_a : _bRajpal and Sanch , _c1963. |
||
| 300 | _a112 ; . | ||
| 365 | _a2.50 | ||
| 504 | _a | ||
| 942 | _cBK | ||
| 999 |
_c12499 _d12499 |
||